Chanteurs de A à Z en images - Statistiques

Statistiques générales
  • Ce quiz a été pris 4 803 fois
  • Le résultat moyen est 15 sur 26
Statistiques - réponses
Par images Hint Réponse % Correct
S Stromae
93%
A Amir
90%
B Black M
90%
J Johnny Hallyday
90%
V Vianney
90%
E Eminem
88%
G Garou
87%
K Keen'V
86%
C Calogero
81%
M Michael Jackson
81%
R Renaud
80%
H Harry Styles
73%
N Nekfeu
73%
Y Yannick Noah
70%
P PSY
67%
T The Weeknd
65%
U Usher
47%
D Dave
46%
F Faudel
23%
I Iggy Pop
21%
W Wiz Khalifa
21%
Q Quavo
16%
O Ozzy Osbourne
13%
L Ludacris
12%
Z Zucchero
10%
X Xzibit
7%
Aucun quiz correspondant
Distribution des résultats
% des personnes avec chaque résultat
Percentile par nombre de réponses
Votre historique - résultats
Vous n’avez pas pris ce quiz